000 00302 a2200109 4500
001 ART_42149
005 20260410161629.0
008 260409a
245 1 0 _aInformes de los órganos de control externo
100 1 _aPermuy, Juan
773 0 _tEnfoques
_g- Nº 5 (mayo 2017)
_wREV416
999 _c12264
_d12264